मेरा मध्यप्रदेशीय हृदय / (Record no. 112513)

MARC details
000 -LEADER
fixed length control field 00999nam a22002537a 4500
005 - DATE AND TIME OF LATEST TRANSACTION
control field 20170124102940.0
010 ## - LIBRARY OF CONGRESS CONTROL NUMBER
LC control number A-654479
020 ## - INTERNATIONAL STANDARD BOOK NUMBER
Terms of availability 50.00
035 ## - SYSTEM CONTROL NUMBER
System control number A-654479
037 ## - SOURCE OF ACQUISITION
Source of stock number/acquisition Cen Lib/Ret
040 ## - CATALOGING SOURCE
Original cataloging agency DPL
Language of cataloging HN
082 ## - DEWEY DECIMAL CLASSIFICATION NUMBER
Classification number 827
Item number साववी
100 ## - MAIN ENTRY--PERSONAL NAME
Personal name साव, विनोद
9 (RLIN) 48014
245 ## - TITLE STATEMENT
Title मेरा मध्यप्रदेशीय हृदय /
Statement of responsibility, etc विनोद साव
246 ## - VARYING FORM OF TITLE
Title proper/short title Mera madhya pradeshiya hriday /
Remainder of title by Vinod Sao
260 ## - PUBLICATION, DISTRIBUTION, ETC. (IMPRINT)
Place of publication, distribution, etc हिसार
Name of publisher, distributor, etc अमन प्रकाशन
Date of publication, distribution, etc 1996
270 ## - ADDRESS
Address 1041, अर्बन एस्टेट II
City हिसार
Postal code 125005
300 ## - PHYSICAL DESCRIPTION
Extent 127पृ.
Dimensions 17सेमी (सजिल्द)
650 ## - SUBJECT ADDED ENTRY--TOPICAL TERM
Topical term or geographic name as entry element हिन्दी साहित्य
9 (RLIN) 48015
650 ## - SUBJECT ADDED ENTRY--TOPICAL TERM
Topical term or geographic name as entry element हिन्दी साहित्य--कहानिया
9 (RLIN) 46379
650 ## - SUBJECT ADDED ENTRY--TOPICAL TERM
Topical term or geographic name as entry element Hindi Literature
9 (RLIN) 48016
650 ## - SUBJECT ADDED ENTRY--TOPICAL TERM
Topical term or geographic name as entry element Hindi Literature--Stories
9 (RLIN) 48017
942 ## - ADDED ENTRY ELEMENTS (KOHA)
Source of classification or shelving scheme Dewey Decimal Classification
Koha item type Hindi Books
Classification part 827
Call number suffix साववी
Holdings
Withdrawn status Lost status Damaged status Not for loan Home library Current library Date acquired Source of acquisition Cost, normal purchase price Total Checkouts Full call number Barcode Date last seen Copy number Cost, replacement price Price effective from Koha item type
        Central Library Central Library 08/08/2015 Cen Lib/Ret 50.00   827 साववी A-654479 08/08/2015 1 50.00 08/08/2015 Hindi Books

© Delhi Public Library
Hit Counter
free hit counter